000 00363 a2200157 4500
001 58534
020 _a
040 _cAnchieta - Pituba
100 _aOliveira, Manuel Botelho de
240 1 0 _aAntologia da poesia brasileira
_lpor
245 1 0 _aAntologia da poesia brasileira
300 _a1167
362 0 _a1984
650 4 _aPoesia brasileira
942 _cBK
999 _c58534
_d58534